000 02344cam a2200313 4500500
005 20251228083305.0
041 _afre
042 _adc
100 1 0 _aGeorges, Louis
_eauthor
245 0 0 _aLa Mothe Le Vayer, précepteur royal. Relecture d’une trajectoire sociale
260 _c2020.
500 _a49
520 _aParmi les libertins dits érudits, François de La Mothe Le Vayer a souvent passé pour le représentant typique de la duplicité sociale, à la fois libre penseur accusé d’incroyance et précepteur royal fidèlement attaché à la cour. Ce travail cherche à saisir le lien entre la marginalité intellectuelle et la centralité politique de La Mothe Le Vayer en étudiant sa trajectoire comme acteur social. Il approche le préceptorat royal par des sources notariées et monarchiques qui permettent de situer le phénomène libertin dans la société parisienne, de décrire la proactivité des savants dans le système des charges et de comprendre l’activation conjoncturelle d’une relation de patronage construite dans le temps long.
520 _aFrançois de La Mothe Le Vayer is a paradoxical figure among 17th-century French free-thinkers, as a radical skeptic, allegedly an unbeliever, and a tutor of the royal family long tied to the court. This article aims to find a connection between his intellectual marginality and his political centrality through his social trajectory, focusing on the royal tutorship and using notarial and monarchic documents. Such an outlook proves useful for situating libertinage within learned Parisian society, for describing scholars’ proactivity within the monarchic system, and, for understanding the circumstantial evolution of a long-term patronage into a full political protection.
690 _aéducation
690 _aéducation royale
690 _aérudition
690 _aLa Mothe Le Vayer
690 _alibertinage
690 _alibertinage érudit
690 _apatronage
690 _afree-thought
690 _ahistory of scholarship
690 _aLa Mothe Le Vayer
690 _apatronage
690 _aroyal education
786 0 _nDix-septième siècle | 289 | 4 | 2020-08-11 | p. 791-816 | 0012-4273
856 4 1 _uhttps://shs.cairn.info/revue-dix-septieme-siecle-2020-4-page-791?lang=fr&redirect-ssocas=7080
999 _c1601011
_d1601011